Normal view
MARC view
- Syed, Javaid Iqbal.
Entry Personal Name
001 - CONTROL NUMBER
- control field: 6593
003 - CONTROL NUMBER IDENTIFIER
- control field: NUST
005 - DATE AND TIME OF LATEST TRANSACTION
- control field: 20171121140453.0
008 - FIXED-LENGTH DATA ELEMENTS
- fixed length control field: 171121|| aca||aabn | a|a d
040 ## - CATALOGING SOURCE
- Original cataloging agency: NUST
- Transcribing agency: NUST
100 ## - HEADING--PERSONAL NAME
- Personal name: Syed, Javaid Iqbal.
670 ## - SOURCE DATA FOUND
- Source citation: Work cat.: (NUST)0: Syed, Javaid Iqbal., No qualms :, 2010.
